Directory of Jordanian Industries 1995-1996.

Bibliographic Details
Corporate Author: Amman Chamber of Industry
Format: Book
Published: Amman: Amman Chamber of Industry, 1995.
Subjects:
LEADER 00571cam a2200181 7i4500
001 0000005067
005 19991025090000.0
002 ##000006654
020 0 0 |a T000005288  
090 0 0 |a JORD 338.025   |b AMM 
110 0 0 |a Amman Chamber of Industry 
245 1 0 |a Directory of Jordanian Industries 1995-1996. 
260 0 0 |a Amman:   |b Amman Chamber of Industry,   |c 1995. 
300 0 0 |a 469 p.. 
650 0 0 |a Industrialization --   |x Directories --   |z Jordan  
650 0 0 |a Jordan --   |x Industries --   |x Directories  
651 0 0 |a Jordan  
999 |a 0000007981  |b Book  |c Open shelf  |e Business Information Centre